| 000 | 00741nam a2200217 a 4500 | ||
|---|---|---|---|
| 001 | 000002422 | ||
| 005 | 20200929150208.0 | ||
| 008 | 090702s2004 sp acd 000 0 spa d | ||
| 020 | _a8493350451 | ||
| 040 |
_aDO-SdBNP _bspa _cBNPHU |
||
| 082 |
_axxx _bR934l |
||
| 100 | 1 |
_aRuiz García, Elisa _97675 |
|
| 245 | 1 | 4 |
_aLos libros de Isabel La Católica : _barquelogía de un patrimonio escrito / _cElisa Ruiz García. |
| 260 |
_aMadrid, : _bInstituto de Historia del Libro y de la Lectura, _c2004. |
||
| 300 |
_a653 p. : _bil., retrs., diagrama ; _c25 cm. |
||
| 490 | 0 | _aMaior | |
| 500 | _aIncluye índice. | ||
| 500 | _aIncluye notas a pie de páginas. | ||
| 504 | _aIncluye referencias bibliográficas (591-596 p.) | ||
| 830 | 0 |
_aMaior _97671 |
|
| 999 |
_c2258 _d2258 |
||